LEADER 01061nam a2200217 i 4500 001 000000354060 003 CaOOAMICUS 005 20230607104952.0 008 230607s1909 it u000 u ita u 040 $aSeMil$bita 100 1 $aBersani Dossena, Angelo,$c.$0(OLS)http://semarc/name/14813 245 10$a2: Il Pater Noster e i dieci comandamenti /$cBersani mons. Angelo. 250 $a8. Ed. 264 1$aLodi :$bTipografia vescovile Quirico e Camagni,$c1909. 300 $a372 p. ;$c19 cm. 773 0 $aBersani Dossena, Angelo $tCatechismo spiegato al popolo per via di esempi e similitudini.$dLodi : Tipografia vescovile Quirico e Camagni, 1909.$b8. Ed.$kPiccola biblioteca dei curati di campagna$g2$w()354052 850 $aSeMil 852 $aSeMil$W1$xVenegono$y1$m3K VII 8 FA$j241186$B245290$CSeMilBibl$Z2$F245290 $8I 996 $6245$a2: Il Pater Noster e i dieci comandamenti$9(OLS)http://semarc/title/444203 996 $6264$aLodi :$bTipografia vescovile Quirico e Camagni$9(OLS)http://semarc/publisher/61025 LEADER 02544nam a2200325 4500 001 000000359163 003 CaOOAMICUS 005 20240731125354.0 008 240731s2022 it a 000 u ita r 020 $a978-88-7642-699-5 040 $aSeMil$bita 041 0 $aita$afre$aeng 245 13$aLa scuola di San Vittore e la letteratura medievale /$ca cura e con introduzione di Corrado Bologna, Carlo Zacchetti. 264 1$aPisa :$bEdizioni della Normale,$c2022. 300 $aXLI, 527 p., [18] carte di tav. :$bill. ;$c24 cm 490 1 $aSeminari e convegni ;$v60 500 $aRelazioni presentate a un convegno tenuto a Pisa nel 2019 500 $aPagina 87 ristampata in proprio perchč presentava errore (vedi sito Editore) 520 0 $aI filosofi e teologi della Scuola di San Vittore, soprattutto Ugo e Riccardo, che Dante ricorda nel Paradiso dopo averli meditati in profonditą, hanno esercitato un influsso notevole sul pensiero e sulla letteratura fra Medio Evo ed etą moderna, specie per l?accento posto sul valore formativo delle emozioni e della memoria, delle immagini e di quella pratica spirituale applicata ai testi che essi definirono «esegesi figurativa». In questo volume si raccolgono, in una ricca e articolata dimensione multidisciplinare, gli interventi dei migliori specialisti dei Vittorini su scala internazionale, che i due curatori hanno riunito alla Scuola Normale Superiore per mettere a fuoco un orizzonte problematico finora quasi del tutto trascurato. Per la prima volta la cultura vittorina viene ripensata in un confronto con le vette della letteratura medioevale, dai trovatori provenzali a Jacopone, da Dante a Petrarca: ma la luce riflessa in questo prisma luminoso giunge fino a Ezra Pound 546 $aTesti in italiano, francese e inglese 650 4$aLetteratura medievale - Influssi [della] Scuola di San Vittore .$0(OLS)http://semarc/subject/56113 700 1 $aZacchetti, Carlo.$0(OLS)http://semarc/name/120089 700 1 $aBologna, Corrado,$d<1950- >.$0(OLS)http://semarc/name/58660 830 0$aSeminari e convegni ;$v60.$0(OLS)http://semarc/title/31884 850 $aSeMil 852 $aSeMil$W1$xVenegono$y1$m2N VI 13$j249922$B250215$CSeMilBibl$Z2$F250215 $81 996 $6020$a978-88-7642-699-5$9(OLS)http://semarc/number/300896 996 $6245$aLa scuola di San Vittore e la letteratura medievale$9(OLS)http://semarc/title/449603 996 $6264$aPisa :$bEdizioni della Normale$9(OLS)http://semarc/publisher/36010